Κατάλογος Βιβλιοθηκών Mediterranean College

Μαζική Επικοινωνία και Πραγματικότητα (Record no. 4036)

MARC details
000 -LEADER
fixed length control field 01587cam a22001934a 4500
005 - ΗΜΕΡΟΜΗΝΙΑ ΚΑΙ ΩΡΑ ΤΕΛΕΥΤΑΙΑΣ ΕΝΗΜΕΡΩΣΗΣ
Πεδίο ελέγχου 20250605164134.0
008 - FIXED-LENGTH DATA ELEMENTS--GENERAL INFORMATION
Πεδίο ελέγχου σταθερού μήκους 250528s ||||||||||||||||||||||||d
035 ## - SYSTEM CONTROL NUMBER
System control number 18710
020 ## - ISBN
ISBN 9600208425
040 ## - ΠΗΓΗ ΚΑΤΑΛΟΓΟΓΡΑΦΗΣΗΣ
Φορέας πρωτότυπης καταλογογράφησης MC Athens Campus Library
Γλώσσα καταλογογράφησης Ελληνικά, Μοντέρνα (1453-)
Modifying agency MC Athens Campus Library
Κανόνες περιγραφικής καταλογογράφησης AACR2
245 1# - ΤΙΤΛΟΣ ΚΑΙ ΔΗΛΩΣΗ ΥΠΕΥΘΥΝΟΤΗΤΑΣ
Τίτλος Μαζική Επικοινωνία και Πραγματικότητα
260 ## - PUBLICATION, DISTRIBUTION, ETC.
Name of publisher, distributor, etc. Παπαζήση,
Date of publication, distribution, etc. 1990
300 ## - PHYSICAL DESCRIPTION
Extent 256
520 ## - SUMMARY, ETC.
Summary, etc. Πρόλογος, Εισαγωγή, Μεθοδολογικές Προσεγγίσεις, Η ''Οντολογία'' της Πληροφορίας, Η Εξουσία του (Επικοινωνιακού) Λόγου, Οι Θεσμοί ως ''Αντικειμενοποιήσεις'', Η Δομή της Μαζικής Επικοινωνίας, Τα Στερεότυπα και η ''Κοινή'' Γνώμη, ''Πλουραλιστική'' Αντικειμενικότητα, Πληροφορίες και Κοινωνικός Έλεγχος, Η Βία πίσω από τα Μαζικά Μέσα, Επικοινωνία και Μαζική Κουλτούρα, Ο ''Μηχανισμός'' της Διαφήμισης, Η Αφίσα και η Λειτουργία της, Τα Χρώματα στην Επικοινωνία, Για μια Παιδαγωγική των Μέσων, Συμπεράσματα, Σημειώσεις, Πίνακες Ονομάτων και Όρων και Εννοιών, Βιβλιογραφία, Παράρτημα (Θεμικό Πλαίσιο).
700 1# - ΠΡΟΣΘΕΤΗ ΑΝΑΓΡΑΦΗ--ΦΥΣΙΚΟ ΠΡΟΣΩΠΟ
Personal name Τσαρδάκης Δημήτρης
9 (RLIN) 542
942 ## - ADDED ENTRY ELEMENTS (KOHA)
Koha item type Books
Holdings
Τύπος τεκμηρίου Βιβλιοθήκη Τρέχουσα τοποθεσία Barcode Αριθμός εισαγωγής Ημερομηνία απόκτησης Ταξιθετικό σύμβολο Αριθμός αντιτύπου Κατάσταση απόσυρσης Κατάσταση χαμένου Κατάσταση κατεστραμμένου Μη δανεισμός Σύνολο δανεισμών Ημερομηνία τελευταίας εμφάνισης Η τιμή ισχύει από
Books MC Athens Campus Library MC Athens Campus Library 9780000040350 3619 05/06/2025 302.23 TSA 1           05/06/2025 05/06/2025

MC Athens Campus Library
Πατησίων 94 & Κοδριγκτώνος 13, 104 34
Πελλήνης 8 & Πατησίων 107, 112 51
Τ: +30 210 8899600

MC Thessaloniki Campus Library
Ίωνος Δραγούμη 21, 54625 | Ίωνος Δραγούμη 15, 54625
Τ: +30 2310 287779 – Τ: +30 2314 440300